Kliknij państwa Unii Europejskiej na mapie - Statystyki

Ogólne statystyki
  • Ten quiz został rozwiązany 100 razy
  • Średni wynik to 23 z 27
Odpowiedzi na mapie
Odpowiedzi zakodowano w zielono-czerwonej skali na mapie do tego quizu, zgodnie z poniższymi procentami.
 
Statystyki odpowiedzi
Odpowiedź % Poprawnych
Francja
94%
Litwa
93%
Niemcy
93%
Polska
91%
Portugalia
91%
Belgia
90%
Chorwacja
90%
Czechy
90%
Dania
90%
Hiszpania
90%
Irlandia
90%
Łotwa
90%
Holandia
88%
Rumunia
88%
Włochy
88%
Austria
87%
Cypr
87%
Słowacja
87%
Szwecja
87%
Węgry
87%
Grecja
85%
Finlandia
84%
Luksemburg
84%
Estonia
82%
Bułgaria
81%
Słowenia
79%
Malta
65%
Nie znaleziono quizów pasujących do podanych kryteriów
Rozkład punktacji
Procent ludzi z każdym wynikiem
Percentyl według liczby udzielonych odpowiedzi
Twoja historia wyników
Nie rozwiązałeś tego quizu